[Event "Landesliga Nord U20 1819"]
[Site "Bayern"]
[Date "2019.02.09"]
[Round "7.1"]
[White "Hetzner, Hannes"]
[Black "Fesl, Henrik"]
[Result "1-0"]
[WhiteElo "2037"]
[BlackElo "1571"]
[PlyCount "87"]
[EventDate "2018.11.17"]
[EventType "team-tourn"]
[EventRounds "7"]
[EventCountry "GER"]
[SourceTitle "EXT 2022"]
[Source "ChessBase"]
[SourceDate "2021.10.06"]
[SourceVersion "1"]
[SourceVersionDate "2021.10.06"]
[SourceQuality "1"]
[WhiteTeam "Erlangen SC U20"]
[BlackTeam "Ergolding FC U20 II"]
[WhiteTeamCountry "GER"]
[BlackTeamCountry "GER"]

1. e4 d5 2. exd5 Qxd5 3. Nc3 Qa5 4. d4 c6 5. Nf3 Bg4 6. h3 Bh5 7. g4 Bg6 8. Bc4 e6 9. Bd2 Qc7 10. Ne5 Nd7 11. Nxg6 hxg6 12. Qe2 0-0-0 13. 0-0-0 Ngf6 14. Bb3 Bd6 15. Kb1 Bf4 16. Bxf4 Qxf4 17. Qe3 Qxe3 18. fxe3 g5 19. e4 Nb6 20. e5 Nfd5 21. Ne4 f6 22. Nd6+ Rxd6 23. exd6 Kd7 24. Rd2 Ne3 25. Re2 Nec4 26. Rhe1 Re8 27. a4 Kxd6 28. a5 Nxa5 29. Bxe6 Nd5 30. Bxd5 Rxe2 31. Rxe2 cxd5 32. Re8 Nc4 33. Rg8 Nd2+ 34. Kc1 Nf3 35. c3 Ng1 36. Rxg7 Nxh3 37. Rxb7 a5 38. Rb6+ Ke7 39. Rb5 Ke6 40. Rxa5 Nf2 41. Ra6+ Ke7 42. b4 Nxg4 43. b5 Kd7 44. Kd2 1-0

[Event "Landesliga U20 Sued 1415"]
[Site "Bayern"]
[Date "2015.01.24"]
[Round "5.1"]
[White "Chiozzi, Filippo"]
[Black "Fesl, Henrik"]
[Result "0-1"]
[WhiteElo "1595"]
[BlackElo "1643"]
[PlyCount "92"]
[EventDate "2014.11.15"]
[EventType "team-tourn"]
[EventRounds "7"]
[EventCountry "GER"]
[SourceTitle "EXT 2022"]
[Source "ChessBase"]
[SourceDate "2021.10.06"]
[SourceVersion "1"]
[SourceVersionDate "2021.10.06"]
[SourceQuality "1"]
[WhiteTeam "Forstenried U20"]
[BlackTeam "Ergolding FC U20"]
[WhiteTeamCountry "GER"]
[BlackTeamCountry "GER"]

1. e4 d5 2. exd5 Qxd5 3. Nc3 Qa5 4. Bc4 Nf6 5. Nf3 Bg4 6. h3 Bxf3 7. Qxf3 c6 8. d3 e6 9. Bd2 Qc7 10. 0-0 Be7 11. Rfe1 0-0 12. Bf4 Bd6 13. Bg5 Nbd7 14. Ne4 Be7 15. Bf4 Qd8 16. Qg3 Nh5 17. Qf3 Nxf4 18. Qxf4 Nf6 19. Nc3 Bd6 20. Qf3 Bb4 21. Rab1 Nd5 22. Bxd5 cxd5 23. Re5 Bxc3 24. bxc3 b6 25. d4 Rc8 26. Rb3 Rc4 27. Ra3 Qe7 28. Rb3 Rfc8 29. Re3 Ra4 30. c4 Rcxc4 31. Rec3 Qc7 32. a3 g6 33. Qd3 Qd7 34. Qg3 Qc8 35. Kf1 Rxc3 36. Rxc3 Rc4 37. Rxc4 Qxc4+ 38. Qd3 Qxd3+ 39. cxd3 b5 40. Ke1 a5 41. Kd2 f5 42. f4 Kg7 43. Kc2 Kf6 44. Kd2 g5 45. fxg5+ Kxg5 46. g3 f4 0-1